Normal view MARC view
  • TIMING CIRCUITS,SYNCHRONIZATION, TELECOMMUNICATION SYSTEMS-EQUIPMENT AND SUPPLIES,DIGITAL ELECTRONIC CLOCKS,PHASE-LOCKED LOOPS

Entry Topical Term

Number of records used in: 1

001 - CONTROL NUMBER

  • control field: 63599

003 - CONTROL NUMBER IDENTIFIER

  • control field: NUST

005 - DATE AND TIME OF LATEST TRANSACTION

  • control field: 20210628203137.0

008 - FIXED-LENGTH DATA ELEMENTS

  • fixed length control field: 210628|| aca||aabn | a|a d

040 ## - CATALOGING SOURCE

  • Original cataloging agency: NUST
  • Transcribing agency: NUST

150 ## - HEADING--TOPICAL TERM

  • Topical term or geographic name entry element: TIMING CIRCUITS,SYNCHRONIZATION, TELECOMMUNICATION SYSTEMS-EQUIPMENT AND SUPPLIES,DIGITAL ELECTRONIC CLOCKS,PHASE-LOCKED LOOPS

670 ## - SOURCE DATA FOUND

  • Source citation: Work cat.: (NUST): Kihara, Masami, Ono,Sadayasu, Eskelinen, Pekka 63598, Digital clocks for synchronization and communications, 2002
© 2023 Central Library, National University of Sciences and Technology. All Rights Reserved.